Baker and Silverton's introduction manual of Medical Laboratory & Diagnostic technology (Record no. 347)

MARC details
000 -LEADER
fixed length control field 00942cam a22003014a 4500
001 - CONTROL NUMBER
control field 4048889
003 - CONTROL NUMBER IDENTIFIER
control field OSt
005 - DATE AND TIME OF LATEST TRANSACTION
control field 20170425212541.0
008 - FIXED-LENGTH DATA ELEMENTS--GENERAL INFORMATION
fixed length control field 990621s2000 paua bf 001 0 eng c
010 ## - LIBRARY OF CONGRESS CONTROL NUMBER
LC control number 99027740
020 ## - INTERNATIONAL STANDARD BOOK NUMBER
International Standard Book Number 0770621908
040 ## - CATALOGING SOURCE
Original cataloging agency DNLM/DLC
Transcribing agency DLC
Modifying agency DLC
042 ## - AUTHENTICATION CODE
Authentication code pcc
050 00 - LIBRARY OF CONGRESS CALL NUMBER
Classification number RB38.2
Item number .F57 2000
060 10 - NATIONAL LIBRARY OF MEDICINE CALL NUMBER
Classification number QY 25
Item number F528m 1999
082 00 - DEWEY DECIMAL CLASSIFICATION NUMBER
Classification number QY 25 B171f 2000
Edition number 21
100 1# - MAIN ENTRY--PERSONAL NAME
Personal name Fischbach, Frances
9 (RLIN) 900
245 12 - TITLE STATEMENT
Title Baker and Silverton's introduction manual of Medical Laboratory & Diagnostic technology
250 ## - EDITION STATEMENT
Edition statement 6th ed.
260 ## - PUBLICATION, DISTRIBUTION, ETC. (IMPRINT)
Place of publication, distribution, etc. Philadelphia;
Name of publisher, distributor, etc. Lippincott Williams and Wilkins,
Date of publication, distribution, etc. c2000.
300 ## - PHYSICAL DESCRIPTION
Extent xvi, 1295 p. :
Other physical details ill. ;
Dimensions 22 cm.
504 ## - BIBLIOGRAPHY, ETC. NOTE
Bibliography, etc Includes bibliographical references and index.
650 #0 - SUBJECT ADDED ENTRY--TOPICAL TERM
Topical term or geographic name as entry element Diagnosis in Laboratory
9 (RLIN) 886
650 12 - SUBJECT ADDED ENTRY--TOPICAL TERM
Topical term or geographic name as entry element Laboratory Techniques and Procedures.
9 (RLIN) 901
906 ## - LOCAL DATA ELEMENT F, LDF (RLIN)
a 7
b cbc
c pccadap
d 1
e ocip
f 19
g y-gencatlg
942 ## - ADDED ENTRY ELEMENTS (KOHA)
Source of classification or shelving scheme Other/Generic Classification Scheme
Koha item type Book Bank
Holdings
Withdrawn status Lost status Source of classification or shelving scheme Damaged status Not for loan Home library Current library Date acquired Source of acquisition Inventory number Total Checkouts Full call number Barcode Date last seen Koha item type Date last checked out
    Other/Generic Classification Scheme     MUST Main Library MUST Main Library 14/08/2014 Purchase 12/36493   QY 25 B171f 2000 2014-2202 14/08/2014 Book Bank  
    Other/Generic Classification Scheme     MUST Main Library MUST Main Library 14/08/2014 Purchase 12/36494   QY 25 B171f 2000 2014-2203 14/08/2014 Book Bank  
    Other/Generic Classification Scheme     MUST Main Library MUST Main Library 14/08/2014 Purchase 12/36490   QY 25 B171f 2000 2014-2204 14/08/2014 Book Bank  
    Other/Generic Classification Scheme     MUST Main Library MUST Main Library 14/08/2014 Purchase 12/36491   QY 25 B171f 2000 2014-2205 14/08/2014 Book Bank  
    Other/Generic Classification Scheme     MUST Main Library MUST Main Library 14/08/2014 Purchase 12/36492 1 QY 25 B171f 2000 2014-2206 27/09/2022 Book Bank 25/07/2022